000 00671nam a2200217Ia 4500
001 15860
003 GE_BSU
008 181216s||||||||xx |||||||||||||| ||und||
020 _a5529011829
040 _cGE_BSU
080 _a821.353.1-4
100 _aჭილაძე, თამაზ
245 _aსფინქსის აჩრდილი.
245 _cრედ.მ.რამიშვილი. მხ.თ.შარიფაშვილი
260 _aთბილისი
260 _bსაქართველო
260 _c1991
300 _a41 გვ. ; 17 სმ
653 _aსფინქსის აჩრდილი.
942 _cBK
999 _c48957
_d48957